Customer relationship management : fast track solutions
| Main Author: | |
|---|---|
| Other Authors: | , |
| Format: | Book |
| Published: |
New Delhi :
Infinity Books ,
2006
|
| Subjects: |
MARC
| LEADER | 00000cam a2200000 7i4500 | ||
|---|---|---|---|
| 001 | 0000019182 | ||
| 005 | 20080613.0 | ||
| 008 | 080613 | ||
| 020 | |a 8179291413 | ||
| 090 | 0 | 0 | |a 658.812 |b BLO |
| 100 | 1 | |a Blomquist, Ralf | |
| 245 | 1 | 0 | |a Customer relationship management : |b fast track solutions |c Ralf Blomquist, Johan Dahl and Tomas Haeger |
| 260 | |a New Delhi : |b Infinity Books , |c 2006 | ||
| 650 | 0 | |a Customer relations | |
| 700 | 1 | |a Dahl, Johan | |
| 700 | 1 | |a Haeger, Tomas | |
| 999 | |a 0001024381 |b Book |c Adult Collection |e Perbadanan Perpustakaan Awam Johor | ||